Spanish to English Translations #2 - Statistics

General Stats
  • This quiz has been taken 145 times
  • The average score is 9 of 15
Answer Stats
Spanish English % Correct
por qué why
90%
amarillo yellow
88%
huevos eggs
85%
ojos eyes
85%
nosotros we
84%
porque because
80%
piña pineapple
77%
helado ice cream
76%
fresa strawberry
69%
zanahoria carrot
45%
matar to kill
43%
reír to laugh
43%
madera wood
38%
bañarse to take a bath
15%
yerno son in law
9%
No matching quizzes found
Score Distribution
Percent of People with Each Score
Percentile by Number Answered
Your Score History
You have not taken this quiz